The brain rot quiz - Statistics

General Stats
  • This quiz has been taken 456 times
  • The average score is 24 of 35
Answer Stats
Hint Answer % Correct
What is the most brainrotted USA state? Ohio
96%
What do people say, when someone has a big bottom? Gyatt
94%
What is it called when u have charisma? Rizz
94%
A person who is "a lone wolf" could be called_ Sigma
92%
From the screen, to the ring, to the pen, to the_? King
85%
Who had a 1000 bottles of baby oil at his house? Pdiddy
84%
Just put the _ in the bag Fries
83%
Let him_, let him _ now. Cook
81%
When the imposter is _? Sus
81%
Why so_? Serious
80%
What is the purple shake from mcdonalds called? Grimaceshake
79%
What do you lose when you do something embarrasing? Aura
75%
We bring the_? Boom
74%
Who rizzed up Livvy Dunne? Babygronk
73%
What is it called when someone takes a part your food? Fanumtax
73%
Just give me my_? Money
73%
What is the name of the best podcast of all time? Talk tuah
73%
What is a synonym for "edging"? Gooning
71%
What is the name of the newest product created by Mrbeast, Ksi and Logan Paul? Lunchly
71%
What is it called when someone is giving you a lot of compliments? Glazing
70%
Who is calling? Johnpork
69%
You are my_? Sunshine
68%
What is the biggest meme of 2024? Low taper fade
66%
What song was played at "the titkok rizz party"? Carnival
64%
Those who_? Know
63%
I like my cheese_? Drippy bruh
62%
What type of water gives u brainrot? Stillwater
61%
What is it called when you are physically more attracive than someone? Mogging
60%
What is the name of the streamer that has his own gravitational pull? Caseoh
56%
Who are the main enemies of skibidi toilet? Cameramen
43%
You ain't nothing but a broke_? Fein
38%
What does the red larvae say? Oioioi
37%
What do you say, when someone is in big trouble? Cooked
36%
What is it called when someone undergoes a form of extreme anger? Crashout
36%
What is the activity that ninja and jynxzi do all the time? Clipfarm
16%
No matching quizzes found
Score Distribution
Percent of People with Each Score
Percentile by Number Answered
Your Score History
You have not taken this quiz